| 000 | 00417nam a22001457a 4500 | ||
|---|---|---|---|
| 005 | 20250129122831.0 | ||
| 008 | 250129b |||||||| |||| 00| 0 eng d | ||
| 020 | _a9780965869027 | ||
| 050 | _aRB113 BUR | ||
| 100 | _aBurch, Sharon | ||
| 245 |
_aHolistic Pathology for Body-Centered Therapists/ _cSharon Burch |
||
| 260 |
_aLawrence _bHealth Positive _c2001 |
||
| 300 |
_aviii. 568p. _bill. _c28cm |
||
| 942 |
_2lcc _cBK _n0 |
||
| 999 |
_c3208 _d3208 |
||